Vaḷḷuvar tanta in̲pam. (Record no. 78367)

MARC details
000 -LEADER
fixed length control field 00624cam a22002411 4500
001 - CONTROL NUMBER
control field sa 68001987
003 - CONTROL NUMBER IDENTIFIER
control field DLC
005 - DATE AND TIME OF LATEST TRANSACTION
control field 20260227112438.0
008 - FIXED-LENGTH DATA ELEMENTS--GENERAL INFORMATION
fixed length control field 891005s1964 ii c 000 0 tamo
010 ## - LIBRARY OF CONGRESS CONTROL NUMBER
LC control number sa 68001987
025 ## - OVERSEAS ACQUISITION NUMBER
Overseas acquisition number PL480:I-T-1735
035 ## - SYSTEM CONTROL NUMBER
System control number (OCoLC)20443488
040 ## - CATALOGING SOURCE
Original cataloging agency DLC
Transcribing agency WaU
Modifying agency DLC
042 ## - AUTHENTICATION CODE
Authentication code premarc
050 00 - LIBRARY OF CONGRESS CALL NUMBER
Classification number PL4758.9.T5
Item number C6
100 2# - MAIN ENTRY--PERSONAL NAME
Personal name Chockalingam Chettiar, R.,
Dates associated with a name 1898-
245 10 - TITLE STATEMENT
Title Vaḷḷuvar tanta in̲pam.
260 ## - PUBLICATION, DISTRIBUTION, ETC.
Date of publication, distribution, etc. [1964]
300 ## - PHYSICAL DESCRIPTION
Extent 150 p.
Other physical details port.
Dimensions 18 cm.
500 ## - GENERAL NOTE
General note In Tamil.
600 00 - SUBJECT ADDED ENTRY--PERSONAL NAME
Personal name Tiruvaḷḷuvar.
Title of a work Tirukkur̲aḷ.
650 #0 - SUBJECT ADDED ENTRY--TOPICAL TERM
Topical term or geographic name entry element Love in literature.

No items available.

Powered by Koha